| 000 | 00443nam a2200181Ia 4500 | ||
|---|---|---|---|
| 001 | 20365 | ||
| 005 | 20260306172801.0 | ||
| 008 | 260306t2018||||xx |||||||||||||| ||spa|| | ||
| 041 | _aESP | ||
| 082 |
_a343.2 _bR63 |
||
| 100 |
_aRioja Bermudez, Alexander, _eAUT |
||
| 245 | 0 |
_aLa Constitución Política : _bcomentada |
|
| 260 | _c2018 | ||
| 300 |
_a354 páginas : _c23 cm. |
||
| 650 | _aGEN | ||
| 654 | _aCDE | ||
| 942 |
_cLIB _dJUS _fJUS _2ddc _n |
||
| 999 |
_c20365 _d20365 |
||